[Event "Niederoesterreich Landesliga 1920"]
[Site "Austria"]
[Date "2019.09.22"]
[Round "1.4"]
[White "Janetschek, Karl"]
[Black "Dumancic, Pero"]
[Result "1-0"]
[WhiteElo "2222"]
[BlackElo "2020"]
[PlyCount "51"]
[EventDate "2019.09.22"]
[EventType "team-tourn"]
[EventRounds "9"]
[EventCountry "AUT"]
[SourceTitle "CBM 195 Extra"]
[Source "ChessBase"]
[SourceDate "2020.05.31"]
[SourceVersion "1"]
[SourceVersionDate "2020.05.31"]
[SourceQuality "1"]
[WhiteTeam "Zwettl"]
[BlackTeam "Amstetten"]
[WhiteTeamCountry "AUT"]
[BlackTeamCountry "AUT"]

1. e4 e6 2. d4 d5 3. Nd2 dxe4 4. Nxe4 Nf6 5. Nxf6+ Qxf6 6. Nf3 h6 7. Be3 Bd6 8. a3 0-0 9. c4 Nd7 10. c5 Bf4 11. Qd2 Bxe3 12. Qxe3 Re8 13. Ne5 c6 14. Bd3 Qe7 15. f4 Nf6 16. 0-0 Nd5 17. Qf2 Bd7 18. h4 Rad8 19. h5 Bc8 20. Rae1 f6 21. Nc4 Qc7 22. g4 e5 23. fxe5 Bxg4 24. Qh4 Qd7 25. Nd6 Rf8 26. e6 1-0

[Event "Oberoesterreich-ch op"]
[Site "Haid/Ansfelden"]
[Date "2018.03.29"]
[Round "7"]
[White "Mujevic, Saba"]
[Black "Dumancic, Pero"]
[Result "1/2-1/2"]
[WhiteElo "1814"]
[BlackElo "2062"]
[PlyCount "152"]
[EventDate "2018.03.23"]
[EventType "swiss"]
[EventRounds "9"]
[EventCountry "AUT"]
[SourceTitle "EXT 2021"]
[Source "ChessBase"]
[SourceDate "2020.10.23"]
[SourceVersion "1"]
[SourceVersionDate "2020.10.23"]
[SourceQuality "1"]

1. e4 e6 2. d4 d5 3. exd5 exd5 4. Nf3 Nf6 5. Bg5 Be7 6. Bd3 Bg4 7. Nbd2 0-0 8. 0-0 Nc6 9. c3 h6 10. Bh4 g5 11. Bg3 Nh5 12. Qc2 Nxg3 13. fxg3 Bf6 14. Bf5 Bxf5 15. Qxf5 Qd6 16. Rae1 Bg7 17. Re2 Ne7 18. Qd3 Ng6 19. Qf5 Rad8 20. Nb3 b6 21. Nbd2 Ne7 22. Qd3 c5 23. b3 Nc6 24. g4 cxd4 25. Nxd4 Nxd4 26. cxd4 Rfe8 27. Rxe8+ Rxe8 28. h3 Qa3 29. Qf5 Bxd4+ 30. Kh1 Qe7 31. Qxd5 Bc5 32. Nf3 Qf6 33. Qd2 Re4 34. Qd3 Qe7 35. Rd1 Re2 36. Qd8+ Qxd8 37. Rxd8+ Kg7 38. Rd2 Rxd2 39. Nxd2 Kf6 40. Nf3 Ke6 41. g3 Kd5 42. Kg2 Ke4 43. Nd2+ Kd3 44. Nc4 f6 45. Kf3 Bb4 46. Ne3 Bd6 47. Nf5 Bf8 48. Ne3 Kd4 49. Ke2 b5 50. Kd2 a6 51. Nf5+ Ke4 52. Ke2 a5 53. h4 gxh4 54. Nxh4 a4 55. bxa4 bxa4 56. Nf5 a3 57. Ne3 Bd6 58. Nf5 Be5 59. Nxh6 Bxg3 60. Nf5 Be5 61. Ne3 Kf4 62. Kd3 Bb2 63. Nf5 Kxg4 64. Ke4 Kg5 65. Ne3 Kg6 66. Nf5 Kf7 67. Kd5 Ke8 68. Kc6 Be5 69. Kd5 Kd7 70. Ne3 Bb2 71. Nf5 Kc7 72. Kc5 Bc1 73. Kd5 Kb6 74. Nd6 Bb2 75. Nf5 Kb5 76. Ne3 Bc3 1/2-1/2

[Event "Hoersching op 5th"]
[Site "Hoersching"]
[Date "2017.09.03"]
[Round "7"]
[White "Sandhoefner, Florian"]
[Black "Dumancic, Pero"]
[Result "1-0"]
[WhiteElo "2285"]
[BlackElo "2085"]
[PlyCount "75"]
[EventDate "2017.08.28"]
[EventType "swiss"]
[EventRounds "7"]
[EventCountry "AUT"]
[SourceTitle "CBM 180 Extra"]
[Source "ChessBase"]
[SourceDate "2017.10.06"]
[SourceVersion "1"]
[SourceVersionDate "2017.10.06"]
[SourceQuality "1"]

1. e4 g6 2. d4 Bg7 3. Nc3 a6 4. a4 d6 5. Be3 e5 6. dxe5 Bxe5 7. Qd2 Nc6 8. Nf3 Bg7 9. Be2 Nge7 10. Bh6 Bxh6 11. Qxh6 Ng8 12. Qd2 Be6 13. 0-0-0 Nf6 14. Nd4 Nxd4 15. Qxd4 0-0 16. f4 Bg4 17. Bxg4 Nxg4 18. h3 Nf6 19. e5 Ne8 20. Ne4 Qd7 21. exd6 cxd6 22. b3 Qc6 23. Qd5 Rc8 24. Rd2 Qb6 25. Kb2 Rc6 26. Rhd1 Qe3 27. g3 Qb6 28. Qd4 Qc7 29. c4 f6 30. Re2 Qf7 31. Rde1 Qd7 32. h4 Rc7 33. Nc3 Qf7 34. Nd5 Ng7 35. Nxc7 Qxc7 36. Re7 Qc8 37. Qd5+ Kh8 38. Qxb7 1-0

[Event "Oberoesterreich-ch op"]
[Site "Traun"]
[Date "2017.04.08"]
[Round "2"]
[White "Bernhard, Julia"]
[Black "Dumancic, Pero"]
[Result "1-0"]
[WhiteElo "1818"]
[BlackElo "2054"]
[PlyCount "73"]
[EventDate "2017.04.07"]
[EventType "swiss"]
[EventRounds "9"]
[EventCountry "AUT"]
[SourceTitle "EXT 2024"]
[Source "ChessBase"]
[SourceDate "2023.10.10"]
[SourceVersion "1"]
[SourceVersionDate "2023.10.10"]
[SourceQuality "1"]

1. e4 c5 2. Nf3 e6 3. c3 d5 4. exd5 exd5 5. d4 Nf6 6. Bb5+ Bd7 7. Bxd7+ Nbxd7 8. 0-0 Be7 9. Bf4 0-0 10. dxc5 Nxc5 11. Nd4 Bd6 12. Be3 Qd7 13. f3 Ne6 14. Nd2 Rfe8 15. Bf2 g6 16. N2b3 b6 17. Re1 Rad8 18. Qd3 Bc5 19. Kf1 Nf4 20. Qd2 g5 21. Be3 Bd6 22. Ne2 Qb5 23. Kg1 Nxe2+ 24. Rxe2 h6 25. Nd4 Qd7 26. Bxg5 Rxe2 27. Nxe2 Qf5 28. Bxh6 Nh7 29. Nd4 Qf6 30. Re1 Qh4 31. Nf5 Qxh2+ 32. Kf1 Bc5 33. Be3 Bf8 34. Qd4 Qh5 35. Qe5 f6 36. Ne7+ Bxe7 37. Qxh5 1-0

[Event "Hoersching op 3rd"]
[Site "Hoersching"]
[Date "2015.08.31"]
[Round "1"]
[White "Edlinger, Wilhelm"]
[Black "Dumancic, Pero"]
[Result "0-1"]
[WhiteElo "1620"]
[BlackElo "2045"]
[PlyCount "81"]
[EventDate "2015.08.31"]
[EventType "swiss"]
[EventRounds "7"]
[EventCountry "AUT"]
[SourceTitle "EXT 2016"]
[Source "ChessBase"]
[SourceDate "2015.10.08"]
[SourceVersion "1"]
[SourceVersionDate "2015.10.08"]
[SourceQuality "1"]

1. Nf3 Nf6 2. b3 e6 3. Bb2 d5 4. e3 Nbd7 5. d4 Bb4+ 6. c3 Bd6 7. Be2 0-0 8. 0-0 e5 9. dxe5 Nxe5 10. Nbd2 c6 11. Nxe5 Bxe5 12. Nf3 Bc7 13. Qc2 Bg4 14. Nd4 Qd6 15. g3 Bh3 16. Rfe1 Ne4 17. Bf1 Qd7 18. Bg2 Rfe8 19. f3 Nd6 20. Bxh3 Qxh3 21. Qg2 Qh6 22. Bc1 c5 23. Nc2 Qg6 24. Ba3 b6 25. Rad1 Nb5 26. Bb2 Rad8 27. a4 Nd6 28. Qd2 Nb7 29. b4 Nd6 30. Na3 Nf5 31. Nc2 h5 32. Re2 Nd6 33. Ba3 Nc4 34. Qc1 Be5 35. f4 Bf6 36. Bb2 a6 37. Rde1 Nd6 38. Na3 Qe4 39. Qc2 c4 40. Qxe4 Rxe4 41. Nc2 0-1

[Event "Donau op 16th"]
[Site "Aschach"]
[Date "2007.12.28"]
[Round "4"]
[White "Dumancic, Pero"]
[Black "Neuman, Petr"]
[Result "0-1"]
[WhiteElo "2175"]
[BlackElo "2415"]
[PlyCount "114"]
[EventDate "2007.12.26"]
[EventType "swiss"]
[EventRounds "7"]
[EventCountry "AUT"]
[SourceTitle "CBM 122 Extra"]
[Source "ChessBase"]
[SourceDate "2008.03.04"]
[SourceVersion "1"]
[SourceVersionDate "2008.03.04"]
[SourceQuality "1"]

1. Nf3 d6 2. d4 g6 3. e4 Bg7 4. Bd3 Nd7 5. 0-0 a6 6. Re1 e6 7. c3 Ne7 8. Bg5 h6 9. Be3 b6 10. Nbd2 Bb7 11. Nf1 c5 12. Rc1 Qc7 13. N3d2 0-0 14. f4 f5 15. Qb3 d5 16. exd5 Nxd5 17. Bc4 b5 18. Bxd5 Bxd5 19. Qc2 cxd4 20. cxd4 Qxc2 21. Rxc2 Rac8 22. Rec1 Nb6 23. Rxc8 Rxc8 24. Rxc8+ Nxc8 25. b3 Ne7 26. Ng3 Nc6 27. Ne2 Nb4 28. a4 Nc2 29. Kf2 Bxg2 30. axb5 axb5 31. Kxg2 Nxe3+ 32. Kf2 Nd5 33. Nf3 Bf6 34. h4 Be7 35. Kg3 Nf6 36. Ne5 Kg7 37. Nc3 b4 38. Na2 Ne4+ 39. Kh3 Nc3 40. Nc1 Nd5 41. Ncd3 g5 42. hxg5 hxg5 43. fxg5 Bxg5 44. Nc6 Bd2 45. Kg3 Bc3 46. Kf3 Kf7 47. Nc5 Nc7 48. Nd3 Nb5 49. Ke3 Kf6 50. Ndxb4 Nxd4 51. Nd5+ exd5 52. Nxd4 f4+ 53. Kd3 Bxd4 54. Kxd4 Ke6 55. Kc3 Kd6 56. Kd3 Ke5 57. Kc3 f3 0-1

[Event "Donau op 16th"]
[Site "Aschach"]
[Date "2007.12.27"]
[Round "2"]
[White "Danilov, Vladimir"]
[Black "Dumancic, Pero"]
[Result "1-0"]
[WhiteElo "2414"]
[BlackElo "2175"]
[PlyCount "95"]
[EventDate "2007.12.26"]
[EventType "swiss"]
[EventRounds "7"]
[EventCountry "AUT"]
[SourceTitle "CBM 122 Extra"]
[Source "ChessBase"]
[SourceDate "2008.03.04"]
[SourceVersion "1"]
[SourceVersionDate "2008.03.04"]
[SourceQuality "1"]

1. d4 Nf6 2. c4 e6 3. Nc3 d5 4. Bg5 c6 5. e3 Nbd7 6. Nf3 Bb4 7. Qc2 Qa5 8. Nd2 a6 9. Be2 dxc4 10. Bxf6 Nxf6 11. Nxc4 Qd8 12. 0-0 0-0 13. Bf3 Nd5 14. Ne4 f5 15. Nc5 Bxc5 16. dxc5 Qe7 17. Nd6 b5 18. e4 fxe4 19. Bxe4 g6 20. Rad1 Bd7 21. g3 Rad8 22. Qd2 Bc8 23. Rfe1 Qf6 24. f4 Qg7 25. Qd4 Qxd4+ 26. Rxd4 Bd7 27. Bg2 Kg7 28. Bh3 e5 29. Rxd5 cxd5 30. Bxd7 Rxd7 31. Rxe5 d4 32. Rd5 Rc7 33. b4 Re7 34. Kf2 Re3 35. Rxd4 Rc3 36. Ke2 g5 37. Kd2 Ra3 38. c6 Rxa2+ 39. Kc3 a5 40. Kb3 Rxh2 41. bxa5 Rh3 42. c7 gxf4 43. Kb4 fxg3 44. Rg4+ Kh6 45. Nf5+ Kh5 46. Rg7 g2 47. Rxg2 Rh1 48. Ng3+ 1-0

[Event "AUT-chT2M 0607"]
[Site "Austria"]
[Date "2007.04.01"]
[Round "11.6"]
[White "Teuschler, Hugo"]
[Black "Dumancic, Pero"]
[Result "1/2-1/2"]
[WhiteElo "2097"]
[BlackElo "2185"]
[PlyCount "99"]
[EventDate "2006.10.28"]
[EventType "team-tourn"]
[EventRounds "11"]
[EventCountry "AUT"]
[SourceTitle "EXT 2007"]
[Source "ChessBase"]
[SourceDate "2006.11.23"]
[SourceVersion "1"]
[SourceVersionDate "2006.11.23"]
[SourceQuality "1"]
[WhiteTeam "Graz Strassenbahn"]
[BlackTeam "Ansfelden"]
[WhiteTeamCountry "AUT"]
[BlackTeamCountry "AUT"]

1. e4 e6 2. d4 d5 3. Nc3 dxe4 4. Nxe4 Nc6 5. c3 Be7 6. Nf3 Nf6 7. Nxf6+ Bxf6 8. Bd3 0-0 9. 0-0 e5 10. dxe5 Nxe5 11. Nxe5 Bxe5 12. Bxh7+ Kxh7 13. Qh5+ Kg8 14. Qxe5 Re8 15. Qh5 Be6 16. Be3 Qd5 17. Qxd5 Bxd5 18. Rfd1 c6 19. Rd4 b5 20. b3 Re4 21. Rxe4 Bxe4 22. Bd4 Bd5 23. a4 Bxb3 24. axb5 cxb5 25. Rxa7 Rxa7 26. Bxa7 f6 27. f3 Kf7 28. Kf2 Ke6 29. Ke3 Bc4 30. h4 g6 31. Kf4 Bf1 32. g4 Bd3 33. Ke3 Bc2 34. Kf4 Bd1 35. Ke4 Bc2+ 36. Kd4 Bb1 37. Bb8 Bc2 38. Ke3 Bd1 39. Bc7 Kf7 40. Bd8 Ke6 41. Kf4 Be2 42. Bb6 Bd1 43. Bd4 Be2 44. h5 gxh5 45. gxh5 Kf7 46. Ke3 Bd1 47. h6 Kg6 48. h7 Kxh7 49. Bxf6 Kg6 50. Bd4 1/2-1/2

[Event "Donau op 15th"]
[Site "Aschach"]
[Date "2006.12.30"]
[Round "6"]
[White "Walter, Thomas"]
[Black "Dumancic, Pero"]
[Result "1/2-1/2"]
[WhiteElo "2074"]
[BlackElo "2174"]
[PlyCount "83"]
[EventDate "2006.12.26"]
[EventType "swiss"]
[EventRounds "7"]
[EventCountry "AUT"]
[SourceTitle "EXT 2008"]
[Source "ChessBase"]
[SourceDate "2007.11.25"]
[SourceVersion "1"]
[SourceVersionDate "2007.11.25"]
[SourceQuality "1"]

1. e4 c5 2. Nf3 d6 3. d4 cxd4 4. Nxd4 a6 5. c4 Nf6 6. Nc3 Nbd7 7. g3 Qc7 8. Be3 e6 9. Rc1 Be7 10. Be2 0-0 11. 0-0 b6 12. f4 Bb7 13. Bf3 Nc5 14. Qc2 Rfd8 15. g4 e5 16. Nf5 exf4 17. Bxf4 Bf8 18. Nd5 Bxd5 19. cxd5 a5 20. a3 a4 21. Qg2 Rac8 22. Rc3 Re8 23. Kh1 Nfd7 24. g5 Ne5 25. Be2 Ng6 26. Bb5 Rxe4 27. Qxe4 Nxe4 28. Rxc7 Rxc7 29. Be3 Nc5 30. Rc1 Ne5 31. Bxa4 Ned3 32. Rc2 g6 33. Ng3 Nxb2 34. Rxb2 Nxa4 35. Rb4 Rc3 36. Bxb6 Nxb6 37. Rxb6 Rxa3 38. Ne4 Rd3 39. Rb8 Kg7 40. Nf6 h6 41. Ne8+ Kh7 42. Nf6+ 1/2-1/2

[Event "Donau op 15th"]
[Site "Aschach"]
[Date "2006.12.27"]
[Round "2"]
[White "Diermair, Andreas"]
[Black "Dumancic, Pero"]
[Result "1-0"]
[WhiteElo "2351"]
[BlackElo "2174"]
[PlyCount "31"]
[EventDate "2006.12.26"]
[EventType "swiss"]
[EventRounds "7"]
[EventCountry "AUT"]
[SourceTitle "EXT 2008"]
[Source "ChessBase"]
[SourceDate "2007.11.25"]
[SourceVersion "1"]
[SourceVersionDate "2007.11.25"]
[SourceQuality "1"]

1. e4 e6 2. d4 d5 3. Nc3 dxe4 4. Nxe4 Nd7 5. Nf3 Ngf6 6. Bg5 Be7 7. Nxf6+ Nxf6 8. Bd3 0-0 9. Qe2 c6 10. 0-0-0 a5 11. h4 b5 12. Ne5 Bb7 13. Bxf6 gxf6 14. Bxh7+ Kg7 15. Qg4+ Kh8 16. Qh5 1-0

[Event "Donau op 11th"]
[Site "Aschach"]
[Date "2002.12.27"]
[Round "2"]
[White "Dumancic, Pero"]
[Black "Fuchs, Michael"]
[Result "1-0"]
[WhiteElo "2175"]
[BlackElo "2293"]
[PlyCount "77"]
[EventDate "2002.12.26"]
[EventType "swiss"]
[EventRounds "7"]
[EventCountry "AUT"]
[SourceTitle "CBM 091 Extra"]
[Source "ChessBase"]
[SourceDate "2003.01.09"]
[SourceVersion "1"]
[SourceVersionDate "2003.01.09"]
[SourceQuality "1"]

1. d4 Nf6 2. c4 e6 3. Nc3 c5 4. d5 exd5 5. cxd5 d6 6. e4 g6 7. Be2 Bg7 8. Nf3 0-0 9. 0-0 Re8 10. Bd3 Bg4 11. h3 Bxf3 12. Qxf3 Nbd7 13. Qd1 c4 14. Bc2 Nc5 15. Re1 a6 16. a4 Nfd7 17. f4 Qh4 18. Kh2 f5 19. g3 Qe7 20. Bd2 fxe4 21. Nxe4 Nxe4 22. Bxe4 Qf7 23. Qc2 Nc5 24. Bg2 Nb3 25. Rad1 b5 26. Bb4 Nd4 27. Qf2 Rxe1 28. Rxe1 Qc7 29. Re4 Nf5 30. g4 a5 31. Be1 Ne7 32. axb5 Rf8 33. b6 Qd7 34. Rxc4 g5 35. Rc7 Qd8 36. Qe3 Ng6 37. Bc3 Bxc3 38. Qxc3 Ne7 39. f5 1-0

[Event "Donau op 11th"]
[Site "Aschach"]
[Date "2002.12.27"]
[Round "3"]
[White "Mazi, Leon"]
[Black "Dumancic, Pero"]
[Result "1-0"]
[WhiteElo "2391"]
[BlackElo "2175"]
[PlyCount "117"]
[EventDate "2002.12.26"]
[EventType "swiss"]
[EventRounds "7"]
[EventCountry "AUT"]
[SourceTitle "CBM 091 Extra"]
[Source "ChessBase"]
[SourceDate "2003.01.09"]
[SourceVersion "1"]
[SourceVersionDate "2003.01.09"]
[SourceQuality "1"]

1. e4 e6 2. d3 c5 3. Nf3 Nc6 4. g3 g6 5. Bg2 Bg7 6. 0-0 Nge7 7. Nbd2 0-0 8. Re1 d6 9. c3 b6 10. Nf1 Bb7 11. h4 h5 12. Bg5 f6 13. Be3 e5 14. d4 exd4 15. cxd4 Kh8 16. Qd2 Ng8 17. Rad1 Re8 18. dxc5 dxc5 19. Qc2 Qe7 20. e5 Qf7 21. Bf4 Rad8 22. Rxd8 Nxd8 23. exf6 Bxf6 24. Rxe8 Qxe8 25. N1d2 Kg7 26. Bg5 Ne6 27. Qb3 Bxg5 28. hxg5 Kf8 29. Qe3 Kg7 30. Qe5+ Kh7 31. Nh4 Bxg2 32. Kxg2 Qc6+ 33. Kf1 Ng7 34. Ne4 Qe6 35. Qf4 Nf5 36. Nf3 Nge7 37. Nf6+ Kg7 38. a3 Nd5 39. Nxd5 Qxd5 40. Qc7+ Qf7 41. Qe5+ Kh7 42. Qb8 Qe7 43. Ne5 Nd4 44. Qh8+ Kxh8 45. Nxg6+ Kg7 46. Nxe7 b5 47. f4 a5 48. Kf2 a4 49. Nd5 Kg6 50. Ne3 b4 51. Nc4 Kf5 52. Ke3 Nc2+ 53. Kd3 Ne1+ 54. Ke2 Nc2 55. Ne3+ Nxe3 56. Kxe3 c4 57. axb4 c3 58. Kd3 cxb2 59. Kc2 1-0